000 00254nam a2200109Ia 4500
008 190912s9999||||xx |||||||||||||| ||und||
100 _aDr.Mubarak Ali
245 0 _aTerikh Ki Wapsi
260 _aKarachi
_bFiction House
_c2014
300 _a143
942 _cBK
999 _c7075
_d7075